Normal view
MARC view
- Sales
Entry Topical Term
001 - CONTROL NUMBER
- control field: 129295
003 - CONTROL NUMBER IDENTIFIER
- control field: NUST
005 - DATE AND TIME OF LATEST TRANSACTION
- control field: 20250629093657.0
008 - FIXED-LENGTH DATA ELEMENTS
- fixed length control field: 250629|| aca||aabn | a|a d
040 ## - CATALOGING SOURCE
- Original cataloging agency: NUST
- Transcribing agency: NUST
150 ## - HEADING--TOPICAL TERM
- Topical term or geographic name entry element: Sales
- Geographic subdivision: Great Britain
670 ## - SOURCE DATA FOUND
- Source citation: Work cat.: (NUST)0: Bridge, M. G. (Michael G.), author. 128608, The sale of goods /
